[Event "Toronto op U2200"]
[Site "Toronto CAN"]
[Date "2019.09.01"]
[Round "3.15"]
[White "Loadman, Ian"]
[Black "Ghaytasvand, Parviz"]
[Result "1-0"]
[WhiteElo "2102"]
[BlackElo "1921"]
[PlyCount "53"]
[EventDate "2019.08.31"]
[EventType "swiss"]
[EventRounds "6"]
[EventCountry "CAN"]

1. e4 e5 2. Nf3 Nc6 3. Nc3 Nf6 4. Bb5 Bb4 5. O-O d6 6. Nd5 Nxd5 7. exd5 a6 8.
Ba4 b5 9. dxc6 bxa4 10. c3 Ba5 11. d4 Bg4 12. dxe5 O-O 13. exd6 cxd6 14. Bf4
Bc7 15. Qd3 Qf6 16. Bg3 Bxf3 17. Qxf3 Qxf3 18. gxf3 f5 19. Bf4 h6 20. Rfd1 Rf6
21. Rd5 g5 22. Be3 f4 23. Bd4 Re6 24. h4 gxh4 25. Kh2 Kf7 26. Rg1 Rg8 27. Rf5+
1-0

[Event "Toronto op U2200"]
[Site "Toronto CAN"]
[Date "2019.09.01"]
[Round "3.16"]
[White "Stewart, Michael"]
[Black "Mao, Fengxi"]
[Result "0-1"]
[WhiteElo "2036"]
[BlackElo "2070"]
[PlyCount "62"]
[EventDate "2019.08.31"]
[EventType "swiss"]
[EventRounds "6"]
[EventCountry "CAN"]

1. Nf3 Nf6 2. g3 d5 3. Bg2 c6 4. O-O Bf5 5. d3 e6 6. Nh4 Bg4 7. Bg5 h6 8. Bxf6
Qxf6 9. c3 Qd8 10. Nf3 Nd7 11. Nbd2 Be7 12. b4 a5 13. a3 O-O 14. Re1 Qc7 15.
Qb3 b5 16. e4 dxe4 17. Nxe4 axb4 18. axb4 Rxa1 19. Rxa1 c5 20. bxc5 Nxc5 21.
Nxc5 Qxc5 22. d4 Qc7 23. Ne5 Bf5 24. Nc6 Bf6 25. Qxb5 Qd6 26. Ne5 Rc8 27. Ra8
Rxa8 28. Bxa8 Qa3 29. Qc6 Bh3 30. f4 Qc1+ 31. Kf2 Qd2+ 0-1

[Event "Toronto op U2200"]
[Site "Toronto CAN"]
[Date "2019.09.01"]
[Round "3.17"]
[White "Huang, Youhe"]
[Black "Finlay, Ian"]
[Result "1-0"]
[WhiteElo "2043"]
[BlackElo "1936"]
[PlyCount "55"]
[EventDate "2019.08.31"]
[EventType "swiss"]
[EventRounds "6"]
[EventCountry "CAN"]

1. e4 e6 2. d4 d5 3. Nc3 Nf6 4. Bg5 Bb4 5. exd5 exd5 6. Bd3 Nc6 7. Nge2 Bxc3+
8. bxc3 h6 9. Bf4 Be6 10. Qd2 O-O 11. h3 Re8 12. O-O Qd7 13. Ng3 a6 14. Rae1 h5
15. Bg5 Ne4 16. Bxe4 dxe4 17. Nxh5 Bxa2 18. Qf4 f5 19. Bh6 Re7 20. Bxg7 Qe6 21.
Qg5 Kf7 22. d5 Bxd5 23. Nf4 Qd7 24. Qg6+ Kg8 25. Bf6+ Kf8 26. Rd1 Bf7 27. Qg7+
Ke8 28. Qh8+ 1-0

[Event "Toronto op U2200"]
[Site "Toronto CAN"]
[Date "2019.09.01"]
[Round "3.18"]
[White "Mohamed, Ehab"]
[Black "Van Rooy, Jake"]
[Result "0-1"]
[WhiteElo "1949"]
[BlackElo "1998"]
[PlyCount "62"]
[EventDate "2019.08.31"]
[EventType "swiss"]
[EventRounds "6"]
[EventCountry "CAN"]

1. d4 g6 2. c4 Nf6 3. Nc3 Bg7 4. e4 d6 5. Be2 O-O 6. Be3 Re8 7. g4 a5 8. h4 Na6
9. h5 e5 10. d5 Nc5 11. f3 gxh5 12. g5 Nfd7 13. Rxh5 Nf8 14. Bf1 Ng6 15. Nge2
f6 16. Bh3 Bxh3 17. gxf6 Bxf6 18. Rxh3 Bg5 19. Qd2 Bxe3 20. Qxe3 Qf6 21. Qh6
Re7 22. O-O-O Rg7 23. Kb1 Rf8 24. Rg1 Kh8 25. Rhg3 Rfg8 26. Rg5 Qxf3 27. Ng3
Ne7 28. Nh5 Rxg5 29. Rxg5 Qf1+ 30. Kc2 Qd3+ 31. Kc1 Qe3+ 0-1

[Event "Toronto op U2200"]
[Site "Toronto CAN"]
[Date "2019.09.01"]
[Round "3.19"]
[White "Jeyakumar, Bhavatharshan"]
[Black "Xu, Eddie"]
[Result "0-1"]
[WhiteElo "1778"]
[BlackElo "1986"]
[PlyCount "74"]
[EventDate "2019.08.31"]
[EventType "swiss"]
[EventRounds "6"]
[EventCountry "CAN"]

1. e4 e5 2. Nf3 Nc6 3. Bb5 a6 4. Ba4 Nf6 5. O-O Be7 6. Re1 b5 7. Bb3 d6 8. c3
O-O 9. h3 Nb8 10. d4 Nbd7 11. Nbd2 Bb7 12. Bc2 Re8 13. Nf1 Bf8 14. Ng3 g6 15.
Bg5 h6 16. Bxf6 Qxf6 17. Qd2 Bg7 18. Rad1 Rad8 19. h4 exd4 20. cxd4 c5 21. h5
cxd4 22. hxg6 fxg6 23. Nxd4 h5 24. Bb3+ Kh7 25. Nf3 Ne5 26. Ng5+ Kh8 27. f4 Bh6
28. fxe5 Qxg5 29. Qxg5 Bxg5 30. exd6 Bf4 31. Nf1 Rxd6 32. g3 Be5 33. Bf7 Red8
34. Bb3 Bc6 35. Bc2 Rxd1 36. Bxd1 Bxb2 37. e5 Bc3 0-1

[Event "Toronto op U2200"]
[Site "Toronto CAN"]
[Date "2019.09.01"]
[Round "3.20"]
[White "Yuen, Noah"]
[Black "Matiu, Virgiliu Bogdan"]
[Result "1-0"]
[WhiteElo "1979"]
[BlackElo "1805"]
[PlyCount "63"]
[EventDate "2019.08.31"]
[EventType "swiss"]
[EventRounds "6"]
[EventCountry "CAN"]

1. d4 c6 2. c4 d5 3. Nf3 Nf6 4. e3 Bg4 5. Nc3 Nbd7 6. Qb3 Qb6 7. Bd2 e6 8. h3
Bh5 9. g4 Bg6 10. c5 Qc7 11. Nh4 Be4 12. Nxe4 Nxe4 13. Nf3 Be7 14. Bg2 Rb8 15.
Qc2 O-O 16. O-O f5 17. Ne1 Nxf2 18. Rxf2 fxg4 19. Rxf8+ Rxf8 20. hxg4 Qg3 21.
Nd3 Bg5 22. Rf1 Nf6 23. Rf3 Qxg4 24. Ne5 Qh5 25. Rh3 Bh4 26. Be1 g5 27. Bxh4
gxh4 28. Bf3 Qh6 29. Qe2 Kh8 30. Kh1 Qg5 31. Qe1 Rg8 32. Nf7+ 1-0

[Event "Toronto op U2200"]
[Site "Toronto CAN"]
[Date "2019.09.01"]
[Round "3.21"]
[White "Xie, Austin"]
[Black "Cao, Bruce"]
[Result "1-0"]
[WhiteElo "1900"]
[BlackElo "1767"]
[PlyCount "125"]
[EventDate "2019.08.31"]
[EventType "swiss"]
[EventRounds "6"]
[EventCountry "CAN"]

1. e4 e5 2. Nf3 Nc6 3. Bc4 Bc5 4. O-O Nf6 5. d3 h6 6. c3 d6 7. h3 O-O 8. b4 Bb6
9. a4 a5 10. b5 Ne7 11. Nbd2 Ng6 12. Re1 Re8 13. Nf1 c6 14. bxc6 bxc6 15. Ng3
Ba6 16. Bxa6 Rxa6 17. Be3 Qc7 18. Rb1 Bxe3 19. fxe3 Rb6 20. Qc2 Reb8 21. Nf5
Ne7 22. Nd2 Nxf5 23. exf5 d5 24. e4 Nd7 25. Nb3 Qa7 26. Kh2 R8b7 27. Nd2 f6 28.
exd5 cxd5 29. Qa2 Rd6 30. Ne4 Rdb6 31. Qxd5+ Kh8 32. Rb5 Rxb5 33. axb5 Nb6 34.
Qd6 Rc7 35. Qf8+ Kh7 36. Re3 Rf7 37. Qe8 Rd7 38. Qg6+ Kh8 39. Rg3 Nd5 40. c4
Nf4 41. Qg4 Rf7 42. c5 a4 43. b6 Qd7 44. Nd6 Re7 45. b7 Qc7 46. Qd1 Rd7 47.
Qxa4 Rd8 48. Qc4 Rf8 49. c6 Ne2 50. Nb5 Qb8 51. Re3 Nd4 52. c7 Qxb7 53. Nd6 Qb1
54. c8=Q Rxc8 55. Qxc8+ Kh7 56. Nf7 Nxf5 57. Qxf5+ Kg8 58. Nxh6+ Kf8 59. Qc8+
Ke7 60. Nf5+ Kf7 61. Qd7+ Kg6 62. Qxg7+ Kxf5 63. Qg4# 1-0

[Event "Toronto op U2200"]
[Site "Toronto CAN"]
[Date "2019.09.01"]
[Round "3.22"]
[White "Robertson, Kole"]
[Black "Itkin, Victor"]
[Result "1-0"]
[WhiteElo "1860"]
[BlackElo "1752"]
[PlyCount "61"]
[EventDate "2019.08.31"]
[EventType "swiss"]
[EventRounds "6"]
[EventCountry "CAN"]

1. d4 Nf6 2. Nf3 d5 3. e3 Bf5 4. c4 e6 5. Nbd2 Be7 6. Be2 a6 7. O-O O-O 8. b3
Nbd7 9. Bb2 c6 10. Qc1 Qc7 11. Ba3 Bxa3 12. Qxa3 Ne4 13. Rac1 Ndf6 14. Rfd1 Ng4
15. Nxe4 dxe4 16. Ne5 Nxh2 17. Kxh2 f6 18. Qc5 Bg6 19. f4 exf3 20. Bxf3 fxe5
21. dxe5 Rxf3 22. gxf3 Bh5 23. Rd4 Bxf3 24. Rf4 Bh5 25. Qd6 Qxd6 26. exd6 c5
27. e4 Rd8 28. e5 Bg6 29. Re1 Bf5 30. Rxf5 exf5 31. e6 1-0

[Event "Toronto op U2200"]
[Site "Toronto CAN"]
[Date "2019.09.01"]
[Round "3.23"]
[White "Guo, Hazel"]
[Black "D'Amore, Tyler"]
[Result "0-1"]
[WhiteElo "1710"]
[BlackElo "1831"]
[PlyCount "108"]
[EventDate "2019.08.31"]
[EventType "swiss"]
[EventRounds "6"]
[EventCountry "CAN"]

1. e4 e6 2. d4 d5 3. Nc3 dxe4 4. Nxe4 Bd7 5. Nf3 Bc6 6. Bd3 Nd7 7. O-O Ngf6 8.
Ng3 Bd6 9. Bg5 h6 10. Be3 Nd5 11. Qe2 Nxe3 12. Qxe3 Bxf3 13. Qxf3 c6 14. Rfe1
Nf6 15. c3 Qc7 16. Rad1 O-O-O 17. b4 h5 18. a4 h4 19. Nf1 Nd5 20. Be4 g5 21. b5
g4 22. Qd3 c5 23. Ra1 Kb8 24. Reb1 Qd7 25. a5 f5 26. Bxd5 exd5 27. Ra2 c4 28.
Qc2 f4 29. Rd1 f3 30. g3 hxg3 31. fxg3 Rde8 32. Qf2 Qxb5 33. Ne3 Re4 34. Raa1
Rhe8 35. Re1 Qd7 36. Nxd5 Re2 37. Rxe2 Rxe2 38. Qf1 Bxg3 39. hxg3 Qxd5 40. Qc1
f2+ 41. Kf1 Re1+ 42. Qxe1 fxe1=Q+ 43. Rxe1 Qf3+ 44. Kg1 Qxg3+ 45. Kf1 Qf3+ 46.
Kg1 g3 47. Rf1 Qxc3 48. d5 Qd4+ 49. Kg2 Qxd5+ 50. Kxg3 c3 51. Kf2 Qf5+ 52. Ke2
Qxf1+ 53. Kxf1 c2 54. Ke2 c1=Q 0-1

[Event "Toronto op U2200"]
[Site "Toronto CAN"]
[Date "2019.09.01"]
[Round "3.24"]
[White "Moran-Venegas, Mario"]
[Black "Qiao, Cindy"]
[Result "1/2-1/2"]
[WhiteElo "1768"]
[BlackElo "1884"]
[PlyCount "87"]
[EventDate "2019.08.31"]
[EventType "swiss"]
[EventRounds "6"]
[EventCountry "CAN"]

1. c4 e6 2. d4 d5 3. Nf3 Nf6 4. Nc3 c6 5. e3 Nbd7 6. Bd3 Bd6 7. c5 Bc7 8. O-O
O-O 9. b4 e5 10. dxe5 Nxe5 11. Nxe5 Bxe5 12. Bb2 Re8 13. Qc2 Bxh2+ 14. Kxh2
Ng4+ 15. Kg3 Qc7+ 16. Kf3 Nh2+ 17. Ke2 h6 18. Rh1 Qf4 19. Nd1 Qg4+ 20. Ke1 Qxg2
21. Rxh2 Qxh2 22. Bh7+ Kf8 23. Bf5 Qh5 24. Bxc8 Raxc8 25. Bd4 Re6 26. Qh7 Qg4
27. Qh8+ Ke7 28. Qxg7 Rg8 29. Qxg4 Rxg4 30. f4 Rxf4 31. Kd2 Rg4 32. Nf2 Rg2 33.
Rf1 h5 34. Kd3 Rh6 35. a4 h4 36. Nh3 Ra2 37. a5 Rg2 38. Be5 Rg4 39. Bd6+ Ke8
40. Bf4 Rhg6 41. Rf3 f6 42. Rf2 Rg2 43. Rf3 R2g4 44. Rf2 1/2-1/2

[Event "Toronto op U2200"]
[Site "Toronto CAN"]
[Date "2019.09.01"]
[Round "3.25"]
[White "Wu, Benjamin"]
[Black "Ajith, Aayush"]
[Result "1/2-1/2"]
[WhiteElo "1749"]
[BlackElo "1851"]
[PlyCount "137"]
[EventDate "2019.08.31"]
[EventType "swiss"]
[EventRounds "6"]
[EventCountry "CAN"]

1. e4 c5 2. Nf3 d6 3. d4 cxd4 4. Nxd4 Nf6 5. Nc3 a6 6. Bc4 e6 7. Be3 b5 8. Bb3
Be7 9. f3 Qc7 10. Qd2 Nc6 11. O-O-O O-O 12. h4 Ne5 13. g4 Nc4 14. Bxc4 bxc4 15.
Kb1 Bd7 16. h5 Rfb8 17. Ka1 Qb7 18. Rb1 Be8 19. g5 Nd7 20. g6 Nc5 21. gxf7+
Bxf7 22. Rhg1 Bxh5 23. Bg5 Bxg5 24. Qxg5 Bg6 25. Nce2 Be8 26. Nf4 e5 27. Nf5
exf4 28. Ne7+ Kf7 29. Qxf4+ Kxe7 30. Rxg7+ Kd8 31. Qf6+ Kc8 32. Rxb7 Rxb7 33.
Qxd6 Rc7 34. Rd1 Kb7 35. Rd5 Rac8 36. a3 Bf7 37. Rf5 Rd7 38. Qf4 Rcc7 39. Qc1
Rd4 40. Rg5 Rcd7 41. Rg1 Rd2 42. Rh1 h5 43. Qg1 Kc6 44. Kb1 Be8 45. Kc1 Bf7 46.
Qe3 R2d6 47. e5 Rd4 48. Qh6+ Ne6 49. c3 Rf4 50. Rd1 Rxd1+ 51. Kxd1 Rxf3 52. Qh8
Kb7 53. Qh7 Rf4 54. Ke2 h4 55. Qh6 Re4+ 56. Kf3 Rf4+ 57. Kg2 Rf5 58. Qxh4 Nf4+
59. Kg1 Ne2+ 60. Kg2 Rxe5 61. Qf6 Bd5+ 62. Kf2 Nc1 63. Qg7+ Kc8 64. Qh8+ Kb7
65. Qh7+ Kc8 66. Qh8+ Kb7 67. Kg3 Nd3 68. Qg7+ Kb6 69. Qf8 1/2-1/2

[Event "Toronto op U2200"]
[Site "Toronto CAN"]
[Date "2019.09.01"]
[Round "3.26"]
[White "Zhang, Jonathan"]
[Black "Vijendra, Vinushan"]
[Result "1/2-1/2"]
[WhiteElo "1841"]
[BlackElo "1733"]
[PlyCount "78"]
[EventDate "2019.08.31"]
[EventType "swiss"]
[EventRounds "6"]
[EventCountry "CAN"]

1. e4 e5 2. Nf3 Nc6 3. Bb5 a6 4. Ba4 Nf6 5. d3 b5 6. Bb3 Be7 7. Nc3 O-O 8. O-O
d6 9. h3 Na5 10. Ne2 Nxb3 11. axb3 Bb7 12. Ng3 Re8 13. c4 Bf8 14. Bd2 g6 15.
Qc2 c6 16. cxb5 cxb5 17. Bc3 Rc8 18. Qd2 Bg7 19. Qe3 Qd7 20. Rfc1 Rc7 21. Ba5
Rxc1+ 22. Rxc1 Rc8 23. Rc3 h6 24. Qb6 Rc6 25. Rxc6 Qxc6 26. Qxc6 Bxc6 27. Bc7
Ne8 28. Bd8 d5 29. Be7 dxe4 30. dxe4 Bf6 31. Bc5 Bg7 32. Ne1 Nc7 33. Nd3 Ne6
34. b4 f6 35. f3 Bf8 36. Bxf8 Kxf8 37. Kf2 Ke7 38. Ke3 Kd6 39. h4 h5 1/2-1/2

[Event "Toronto op U2200"]
[Site "Toronto CAN"]
[Date "2019.09.01"]
[Round "3.27"]
[White "Desikan, Ajith"]
[Black "Samokysh, Yevhen"]
[Result "0-1"]
[WhiteElo "1803"]
[BlackElo "1767"]
[PlyCount "104"]
[EventDate "2019.08.31"]
[EventType "swiss"]
[EventRounds "6"]
[EventCountry "CAN"]

1. e4 c5 2. Nf3 Nc6 3. d4 cxd4 4. Nxd4 Nf6 5. Nxc6 bxc6 6. Nc3 e5 7. Bg5 Be7 8.
Bxf6 Bxf6 9. Bc4 d6 10. O-O O-O 11. Qd3 Be7 12. Nd1 Qb6 13. Ne3 Qxb2 14. c3 Qa3
15. f4 Qc5 16. f5 Bg5 17. Rae1 Bb7 18. Kh1 Bxe3 19. Rxe3 d5 20. Bb3 Ba6 21.
Qxa6 Qxe3 22. Qxc6 Qxe4 23. Bxd5 Qd3 24. Re1 Rac8 25. Qb7 Qxc3 26. Rg1 Rc7 27.
Qa6 Qc5 28. Bb3 Qc6 29. Qe2 Qd6 30. Qe4 Rfc8 31. g4 Rc1 32. Rxc1 Rxc1+ 33. Kg2
Qc6 34. Qxc6 Rxc6 35. Kf3 Kf8 36. Ke4 f6 37. Kd5 Rb6 38. h4 h6 39. g5 Ke7 40.
gxh6 gxh6 41. Kc5 Kd7 42. h5 Kc7 43. Bf7 Rd6 44. Bd5 Rd7 45. a4 Rg7 46. Bf3 Rg5
47. Be4 Rxh5 48. Kd5 Kd7 49. Bd3 Rh3 50. Be2 Rh2 51. Bf3 Rd2+ 52. Kc5 Kc7 0-1

[Event "Toronto op U2200"]
[Site "Toronto CAN"]
[Date "2019.09.01"]
[Round "3.28"]
[White "Landstrom, William"]
[Black "Cater, Brendan"]
[Result "1-0"]
[WhiteElo "1758"]
[BlackElo "1885"]
[PlyCount "89"]
[EventDate "2019.08.31"]
[EventType "swiss"]
[EventRounds "6"]
[EventCountry "CAN"]

1. e4 e5 2. Nf3 Nc6 3. Bc4 Nf6 4. Ng5 d5 5. exd5 Na5 6. Bb5+ c6 7. dxc6 bxc6 8.
Bd3 Qd5 9. O-O e4 10. Nxe4 Nxe4 11. Bxe4 Qd6 12. Qf3 Bd7 13. Nc3 Rc8 14. Bf5
Be7 15. Qg4 Rc7 16. d3 Bxf5 17. Qxf5 Qc5 18. Qxc5 Bxc5 19. Re1+ Kd8 20. Bd2 Nb7
21. Re2 Be7 22. Bf4 Rd7 23. Rae1 Nc5 24. Be3 Ne6 25. f4 h5 26. f5 Nc5 27. Bxc5
Bxc5+ 28. Kf1 h4 29. Ne4 Rh5 30. Nxc5 Rxf5+ 31. Kg1 Rxc5 32. b3 a5 33. a4 Kc7
34. Rf1 Rg5 35. Rf4 Rh5 36. Rfe4 f6 37. Rf2 Rh6 38. h3 g5 39. Rf5 Kb6 40. Re6
Rf7 41. d4 Rd7 42. c3 Ra7 43. d5 Rd7 44. Rxc6+ Kb7 45. c4 1-0

[Event "Toronto op U2200"]
[Site "Toronto CAN"]
[Date "2019.09.01"]
[Round "3.30"]
[White "Liao, Joseph"]
[Black "Xu, Alex"]
[Result "1-0"]
[WhiteElo "1732"]
[BlackElo "1798"]
[PlyCount "71"]
[EventDate "2019.08.31"]
[EventType "swiss"]
[EventRounds "6"]
[EventCountry "CAN"]

1. e4 e6 2. d4 d5 3. Nc3 Nf6 4. Bg5 Be7 5. e5 Nfd7 6. Bxe7 Qxe7 7. f4 a6 8. Nf3
c5 9. dxc5 Nxc5 10. Bd3 Nc6 11. O-O h6 12. Qd2 O-O 13. Ne2 f6 14. exf6 Qxf6 15.
c3 Nxd3 16. Qxd3 Bd7 17. g3 Be8 18. Nh4 Ne7 19. Nd4 Ng6 20. Nhf3 Bd7 21. Rae1
Rae8 22. Ne5 Nxe5 23. Rxe5 g5 24. Qe2 Qg7 25. Nxe6 Rxe6 26. Rxe6 Bb5 27. Qc2
Kh8 28. Rfe1 gxf4 29. Rg6 Qh7 30. Ree6 fxg3 31. hxg3 Rf3 32. Kg2 Qf7 33. Rxh6+
Kg8 34. Qg6+ Qxg6 35. Rexg6+ Kf7 36. Kxf3 1-0

[Event "Toronto op U2200"]
[Site "Toronto CAN"]
[Date "2019.09.01"]
[Round "4.11"]
[White "Ahmed, Syed Ibrahim"]
[Black "Liu, Henry"]
[Result "1-0"]
[WhiteElo "2058"]
[BlackElo "2076"]
[PlyCount "79"]
[EventDate "2019.08.31"]
[EventType "swiss"]
[EventRounds "6"]
[EventCountry "CAN"]

1. d4 Nf6 2. c4 e6 3. g3 Bb4+ 4. Bd2 Bxd2+ 5. Nxd2 d5 6. Ngf3 O-O 7. Bg2 c6 8.
Qc2 Nbd7 9. O-O Qc7 10. Rac1 Re8 11. cxd5 exd5 12. e3 Nf8 13. b4 Qb6 14. Rb1
Bd7 15. Ne5 Be6 16. a4 Rac8 17. Qd3 N8d7 18. Ndf3 g6 19. Qa3 Nxe5 20. Nxe5 Ne4
21. Rb2 Nd6 22. Qc3 f6 23. Nd3 Nc4 24. Rb3 Qc7 25. Nf4 a6 26. b5 axb5 27. axb5
Qf7 28. Nxe6 Qxe6 29. Rfb1 c5 30. dxc5 Rxc5 31. Qd4 Rec8 32. Rd1 Nb6 33. Qb4
Kg7 34. Rbd3 Qe5 35. Rb3 R8c7 36. h4 Qe8 37. Bxd5 Rxb5 38. Qf4 Nxd5 39. Rxd5
Rxd5 40. Qxc7+ 1-0

[Event "Toronto op U2200"]
[Site "Toronto CAN"]
[Date "2019.09.01"]
[Round "4.12"]
[White "Loadman, Ian"]
[Black "Demchenko, Kyrylo"]
[Result "1/2-1/2"]
[WhiteElo "2102"]
[BlackElo "2045"]
[PlyCount "61"]
[EventDate "2019.08.31"]
[EventType "swiss"]
[EventRounds "6"]
[EventCountry "CAN"]

1. e4 e5 2. Nf3 Nc6 3. Nc3 Nf6 4. Bb5 Bb4 5. O-O O-O 6. d3 d6 7. Bg5 Bxc3 8.
bxc3 h6 9. Bh4 Bg4 10. h3 Bh5 11. g4 Bg6 12. Bxc6 bxc6 13. Rb1 Rb8 14. Rxb8
Qxb8 15. Bxf6 gxf6 16. Qb1 d5 17. Nh4 dxe4 18. Nxg6 fxg6 19. dxe4 Kf7 20. Qb3+
Qxb3 21. axb3 Ra8 22. Ra1 a6 23. Kf1 Ke6 24. Ke2 Kd7 25. Kd3 Kc8 26. Rf1 Kb7
27. f4 Rd8+ 28. Ke3 exf4+ 29. Rxf4 Rd6 30. Rf2 Kc8 31. Rf1 1/2-1/2

[Event "Toronto op U2200"]
[Site "Toronto CAN"]
[Date "2019.09.01"]
[Round "4.13"]
[White "Mao, Fengxi"]
[Black "Huang, Youhe"]
[Result "1-0"]
[WhiteElo "2070"]
[BlackElo "2043"]
[PlyCount "135"]
[EventDate "2019.08.31"]
[EventType "swiss"]
[EventRounds "6"]
[EventCountry "CAN"]

1. e4 c5 2. Nf3 Nc6 3. Nc3 Nf6 4. Bb5 d6 5. e5 dxe5 6. Nxe5 Qc7 7. Nxc6 bxc6 8.
Be2 e5 9. O-O Bd6 10. d3 O-O 11. h3 Bf5 12. Bf3 c4 13. Bg5 cxd3 14. cxd3 Be7
15. Qe2 Rad8 16. Rfd1 c5 17. Rac1 Nh5 18. Be3 Nf6 19. Na4 Nd5 20. Nxc5 Nxe3 21.
Qxe3 Qb8 22. b3 Rd4 23. Rc4 Rc8 24. Ne4 Rcxc4 25. dxc4 Rxd1+ 26. Bxd1 Qd8 27.
Bc2 Qd4 28. Qxd4 exd4 29. Kf1 Bxe4 30. Bxe4 Bc5 31. Ke2 Kf8 32. Kd3 g6 33. b4
Bxb4 34. Kxd4 Ke7 35. Kd5 f5 36. Bd3 Be1 37. f3 Bf2 38. c5 Be3 39. Bc4 Bf2 40.
a4 Be1 41. Kc6 Bf2 42. Bg8 h6 43. Bh7 Kf7 44. Kd6 Kg7 45. c6 Kxh7 46. c7 Bg3+
47. Kc6 Bxc7 48. Kxc7 Kg7 49. a5 Kf6 50. Kb7 Ke5 51. Kxa7 Kf4 52. a6 Kg3 53.
Kb6 Kxg2 54. a7 Kxf3 55. a8=Q+ Kg3 56. Qh8 h5 57. Qh6 Kxh3 58. Qxg6 f4 59.
Qxh5+ Kg3 60. Qe2 f3 61. Qf1 f2 62. Kc5 Kf3 63. Kd4 Kg3 64. Ke3 Kh2 65. Qxf2+
Kh3 66. Qg1 Kh4 67. Kf4 Kh3 68. Qh1# 1-0

[Event "Toronto op U2200"]
[Site "Toronto CAN"]
[Date "2019.09.01"]
[Round "4.14"]
[White "Xu, Eddie"]
[Black "Nazareno, Merlin"]
[Result "1-0"]
[WhiteElo "1986"]
[BlackElo "2166"]
[PlyCount "109"]
[EventDate "2019.08.31"]
[EventType "swiss"]
[EventRounds "6"]
[EventCountry "CAN"]

1. e4 Nc6 2. Nf3 f5 3. exf5 d5 4. Nh4 Nh6 5. Qh5+ Nf7 6. Bb5 g6 7. Qe2 gxf5 8.
Nf3 Bg7 9. d4 O-O 10. Bxc6 bxc6 11. O-O a5 12. Re1 e6 13. Bf4 c5 14. c3 cxd4
15. cxd4 Re8 16. Nc3 a4 17. Qc2 Bd7 18. Rac1 Kh8 19. Ne2 c6 20. Ng3 Kg8 21. Nh5
Bh8 22. Qd2 Ra7 23. Ng5 Qe7 24. Rc3 Qb4 25. Nxe6 Ng5 26. Nxg5 Qxd4 27. Rxe8+
Bxe8 28. Qe2 Re7 29. Re3 Rxe3 30. Bxe3 Qxb2 31. Qxb2 Bxb2 32. Ng3 d4 33. Bf4
Bd7 34. Kf1 Kg7 35. Ke2 c5 36. Nf3 Bb5+ 37. Kd2 Kg6 38. Kc2 a3 39. Ne5+ Kf6 40.
Nd3 Bc4 41. Nh5+ Ke7 42. Nxb2 Bxa2 43. Nd3 c4 44. Ne5 Ke6 45. Ng3 Bb3+ 46. Kb1
c3 47. Ne2 Kd5 48. f3 Bc4 49. Nxc4 Kxc4 50. Nc1 d3 51. Nxd3 Kxd3 52. Ka2 Kc2
53. Kxa3 Kb1 54. Kb4 c2 55. Kc5 1-0

[Event "Toronto op U2200"]
[Site "Toronto CAN"]
[Date "2019.09.01"]
[Round "4.16"]
[White "Feng, Richard"]
[Black "Lim, Levi"]
[Result "1-0"]
[WhiteElo "2078"]
[BlackElo "1951"]
[PlyCount "81"]
[EventDate "2019.08.31"]
[EventType "swiss"]
[EventRounds "6"]
[EventCountry "CAN"]

1. e4 c6 2. d4 d5 3. exd5 cxd5 4. Bd3 Nf6 5. c3 Nc6 6. Bf4 e6 7. Nf3 Bd6 8.
Bxd6 Qxd6 9. Nbd2 O-O 10. Qe2 Re8 11. Ne5 Bd7 12. g4 Re7 13. Rg1 Be8 14. g5 Nd7
15. f4 Nf8 16. Rg3 Nxe5 17. fxe5 Qb6 18. O-O-O Rc7 19. Kb1 Rac8 20. Ka1 a5 21.
Rh3 g6 22. Nf1 a4 23. a3 Qb3 24. Bc2 Qb5 25. Qf2 Qd7 26. Ne3 Qe7 27. Rg1 Rxc3
28. bxc3 Qxa3+ 29. Kb1 Rc6 30. Bb3 Rb6 31. Qa2 Rxb3+ 32. Ka1 Qe7 33. Nc2 b5 34.
Nb4 Nd7 35. Rhg3 Nb6 36. Rb1 Rxb1+ 37. Kxb1 Nc4 38. Qf2 h5 39. gxh6 Qh4 40.
Rxg6+ fxg6 41. Qxh4 1-0

[Event "Toronto op U2200"]
[Site "Toronto CAN"]
[Date "2019.09.01"]
[Round "4.17"]
[White "Khachaturov, Vadim"]
[Black "Xie, Austin"]
[Result "1/2-1/2"]
[WhiteElo "2041"]
[BlackElo "1900"]
[PlyCount "78"]
[EventDate "2019.08.31"]
[EventType "swiss"]
[EventRounds "6"]
[EventCountry "CAN"]

1. e4 e6 2. d4 d5 3. Nd2 c5 4. exd5 exd5 5. Bb5+ Nc6 6. dxc5 Bxc5 7. Nb3 Bb6 8.
Nf3 Nf6 9. O-O O-O 10. Bg5 Be6 11. c3 Qe7 12. Re1 Rac8 13. Nbd4 Rfe8 14. Qd3
Bd8 15. Nxe6 fxe6 16. Nd4 Qf7 17. Qh3 Nxd4 18. Bxe8 Nxe8 19. Bxd8 Nc2 20. Bg5
Nxa1 21. Rxa1 Nd6 22. Re1 Re8 23. Be3 b6 24. Bd4 Nc4 25. b3 e5 26. Be3 Nd6 27.
f3 Qc7 28. Bf2 Qxc3 29. Qd7 Qb4 30. h3 Qa3 31. f4 Rf8 32. fxe5 Qb2 33. Bg3 Qd4+
34. Kh2 Ne4 35. e6 Nxg3 36. e7 Nf1+ 37. Kh1 Ng3+ 38. Kh2 Nf1+ 39. Kh1 Ng3+
1/2-1/2

[Event "Toronto op U2200"]
[Site "Toronto CAN"]
[Date "2019.09.01"]
[Round "4.18"]
[White "Van Rooy, Jake"]
[Black "Robertson, Kole"]
[Result "0-1"]
[WhiteElo "1998"]
[BlackElo "1860"]
[PlyCount "151"]
[EventDate "2019.08.31"]
[EventType "swiss"]
[EventRounds "6"]
[EventCountry "CAN"]

1. e4 e6 2. d4 d5 3. Nd2 Nf6 4. Bd3 c5 5. dxc5 Bxc5 6. exd5 exd5 7. Qe2+ Be6 8.
Nb3 Bb6 9. Bg5 O-O 10. Qf3 Bg4 11. Qf4 Re8+ 12. Ne2 Bxe2 13. Bxe2 Qe7 14. Nc1
Bc7 15. Bxf6 gxf6 16. Qh6 Qb4+ 17. c3 Qxb2 18. O-O Qxa1 19. Bd3 Re4 20. Ne2
Qxa2 21. Nd4 Qa3 22. Nf5 Qf8 23. Qxf6 Re6 24. Qh4 Be5 25. Re1 Rg6 26. Ne7+ Kg7
27. Nxg6 hxg6 28. Rxe5 Nc6 29. Rh5 Qg8 30. Rxd5 Rd8 31. c4 Rxd5 32. cxd5 Qd8
33. Qe4 Ne7 34. Qd4+ Kg8 35. Bc4 Nc8 36. h4 Qd6 37. g4 b6 38. h5 Ne7 39. h6 f6
40. g5 Nf5 41. Qxf6 Qxf6 42. gxf6 Nd6 43. Bd3 Kh7 44. f4 Kxh6 45. Kf2 g5 46.
Kf3 Kh5 47. Bh7 a5 48. f5 g4+ 49. Kf4 g3 50. Kxg3 Kg5 51. f7 Nxf7 52. f6 Kxf6
53. Kf4 Nd6 54. Bc2 Ke7 55. Ke5 Nf7+ 56. Kd4 Nd6 57. Ba4 Kd8 58. Bc6 Kc7 59.
Ba4 b5 60. Bb3 Kb6 61. Bc2 a4 62. Bd1 a3 63. Bb3 Ka5 64. Kc5 Ne8 65. Ba2 Ka4
66. Bb1 b4 67. Kc4 Nd6+ 68. Kc5 b3 69. Kxd6 a2 70. Bxa2 bxa2 71. Kc7 a1=Q 72.
d6 Qc3+ 73. Kd8 Kb5 74. d7 Kc6 75. Kc8 Kd6+ 76. Kd8 0-1

[Event "Toronto op U2200"]
[Site "Toronto CAN"]
[Date "2019.09.01"]
[Round "4.19"]
[White "D'Amore, Tyler"]
[Black "Stewart, Michael"]
[Result "1-0"]
[WhiteElo "1831"]
[BlackElo "2036"]
[PlyCount "101"]
[EventDate "2019.08.31"]
[EventType "swiss"]
[EventRounds "6"]
[EventCountry "CAN"]

1. e4 c6 2. d4 d5 3. Nc3 dxe4 4. Nxe4 Bf5 5. Ng3 Bg6 6. Nf3 Nf6 7. h4 Nh5 8.
Nxh5 Bxh5 9. c3 e6 10. Bf4 Bd6 11. Qd2 Bxf3 12. gxf3 Bxf4 13. Qxf4 Nd7 14. Rg1
Qf6 15. Qe4 Qh6 16. Qe3 Qxe3+ 17. fxe3 g6 18. Bd3 Ke7 19. Kf2 c5 20. Be4 Rab8
21. Rac1 f5 22. Bb1 cxd4 23. exd4 Kf6 24. f4 b5 25. Rge1 h6 26. Rg1 g5 27.
hxg5+ hxg5 28. fxg5+ Kg6 29. Rce1 Nf8 30. Rg2 Rh5 31. Re5 Rxg5 32. Be4 Rxg2+
33. Bxg2 Rb6 34. a3 a5 35. Bf1 b4 36. Rb5 bxa3 37. bxa3 Rxb5 38. Bxb5 Kf6 39.
c4 e5 40. d5 e4 41. c5 Ke5 42. c6 Kd6 43. Ke3 Ng6 44. Kd4 Ne7 45. Bc4 e3 46.
Kxe3 Nxc6 47. dxc6 Kxc6 48. Kf4 Kc5 49. Bb3 Kd4 50. a4 Kc3 51. Bf7 1-0